La investigación educacional latinoamericana de cara al año 2000: informe de seminario

Guardat en:
Dades bibliogràfiques
Autor corporatiu: Consejo Latinoamericano de Ciencias Sociales (Autor), CLACSO (Autor), Programa Interdisciplinario de Investigaciones en Educación (Autor), PIIE (Autor), Centro de Investigación y Desarrollo de la Educación (Autor), CIDE (Autor)
Format: Llibre
Idioma:espanyol
Publicat: Santiago PIIE 1994
Santiago CIDE 1994
Santiago REDUC 1994
Matèries:
Etiquetes: Afegir etiqueta
Sense etiquetes, Sigues el primer a etiquetar aquest registre!

MARC

LEADER 00000nam a2200000 a 4500
001 UCM9691
003 CL-VaPUC
005 20211216074438.0
008 030509e19940000cl 1 spa d
044 |a cl  |2 marc 
044 |a cl  |2 marc 
044 |a cl  |2 marc 
082 0 4 |a 370.7  |b CON  |2 21 
110 2 |a Consejo Latinoamericano de Ciencias Sociales  |e author  |9 620318 
710 2 |a CLACSO  |e author  |9 620319 
710 2 |a Programa Interdisciplinario de Investigaciones en Educación  |e author  |9 620320 
710 2 |a PIIE  |e author  |9 620321 
710 2 |a Centro de Investigación y Desarrollo de la Educación  |e author  |9 620322 
710 2 |a CIDE  |e author  |9 620323 
245 1 3 |a La investigación educacional latinoamericana de cara al año 2000: informe de seminario 
260 |a Santiago  |b PIIE  |c 1994 
260 |a Santiago  |b CIDE  |c 1994 
260 |a Santiago  |b REDUC  |c 1994 
300 |a 32 h 
583 |a last modification  |c 20190911 12:08:48  |k Rodrigo Vera 
650 0 0 |a Investigación educacional   |9 261192 
650 0 0 |a Estado y educación   |9 311264 
650 0 0 |a Política educacional  |9 308011 
942 |c BK 
945 |a cmena  |d 20030509 00:00:00 
546 |a En Español 
536 |a PIIE 
518 |p Educación Políticas Públicas e Investigación en Latinoamérica, 1, Punta de Tralca, 4 al 6 de junio de 1993 
999 |c 383870  |d 383868 
952 |0 0  |1 0  |4 0  |6 370_700000000000000_CON_1994  |7 0  |8 P  |9 506187  |a BIBEDU  |b BIBEDU  |c BIBEDU_PB  |d 2020-01-23  |i 3902374  |o 370.7 CON 1994  |p 3902374  |r 2024-01-25  |w 2020-01-23  |y BK  |k BME